Mcgraw-Hill's illustrated index to the 2002 national electrical code/ (Record no. 9870)

MARC details
000 -LEADER
fixed length control field 00562nam a22001697a 4500
003 - CONTROL NUMBER IDENTIFIER
control field OSt
005 - DATE AND TIME OF LATEST TRANSACTION
control field 20260425011758.0
008 - FIXED-LENGTH DATA ELEMENTS--GENERAL INFORMATION
fixed length control field 260425b |||||||| |||| 00| 0 eng d
020 ## - INTERNATIONAL STANDARD BOOK NUMBER
International Standard Book Number 0-07-137524-2
040 ## - CATALOGING SOURCE
Original cataloging agency DWCL-Main lib.
Transcribing agency OC
082 ## - DEWEY DECIMAL CLASSIFICATION NUMBER
Classification number Circ. 621.319 B849 2002
100 ## - MAIN ENTRY--PERSONAL NAME
Personal name Brickner, Dale C.
245 ## - TITLE STATEMENT
Title Mcgraw-Hill's illustrated index to the 2002 national electrical code/
Statement of responsibility, etc. Dale C. Brickner
260 ## - PUBLICATION, DISTRIBUTION, ETC.
Place of publication, distribution, etc. New York :
Name of publisher, distributor, etc. McGraw-Hill Co.,
Date of publication, distribution, etc. c2002
300 ## - PHYSICAL DESCRIPTION
Extent v, 351 pages,
Other physical details illustrations :
Dimensions 24 centimeters.
942 ## - ADDED ENTRY ELEMENTS (KOHA)
Source of classification or shelving scheme Dewey Decimal Classification
Koha item type Book Circulation
Classification part Circ.
Suppress in OPAC No
952 ## - LOCATION AND ITEM INFORMATION (KOHA)
--
Holdings
Withdrawn status Lost status Source of classification or shelving scheme Damaged status Not for loan Home library Current library Shelving location Date acquired Source of acquisition Cost, normal purchase price Total Checkouts Full call number Barcode Date last seen Copy number Price effective from Koha item type Uniform Resource Identifier
    Dewey Decimal Classification     College Library College Library Circulation 08/01/2005 Donation 0.00   Circ. 621.319 B849 2002 CL42147 04/25/2026 c1 04/25/2026 BK-CIRC